[Event "2.BLO 1516 SK Göggingen - MSA Zugzwang"]
[Site "?"]
[Date "2015.12.13"]
[Round "6.7"]
[White "Hoffmeyer, Falk"]
[Black "Kukov, Velislav"]
[Result "1/2-1/2"]
[WhiteElo "2314"]
[BlackElo "2358"]
[PlyCount "112"]
[EventDate "2015.??.??"]

1. d4 Nf6 2. Bg5 Ne4 3. Bf4 e5 4. Bxe5 Nc6 5. Bg3 d5 6. Nf3 h5 7. Bf4 g5 8. Be3
f5 9. g3 Qf6 10. Qc1 g4 11. Ne5 Nxe5 12. dxe5 Qxe5 13. Bf4 Qd4 14. e3 Qb6 15.
c3 Bd7 16. h4 Bd6 17. Bxd6 Qxd6 18. Qc2 O-O-O 19. Na3 f4 20. exf4 Qc5 21. Bd3
Rhe8 22. Kf1 Nxg3+ 23. fxg3 Qe3 24. Kg2 Qf3+ 25. Kh2 Re3 26. Rhg1 Rxd3 27. Raf1
Qe3 28. Rf2 Bf5 29. Re2 Qxg1+ 30. Kxg1 Rxg3+ 31. Rg2 Bxc2 32. Rxg3 Be4 33. Kf2
Rf8 34. Ke3 Re8 35. Kd2 Bf3 36. Nc2 Re4 37. f5 c5 38. Rg1 Rf4 39. Ne3 d4 40.
cxd4 cxd4 41. Nc4 Bd5 42. Kd3 Bxc4+ 43. Kxc4 Rxf5 44. Kxd4 Rf2 45. Rc1+ Kd7 46.
Rc5 Rxb2 47. Rxh5 Rxa2 48. Rg5 g3 49. Rxg3 Kc6 50. Rh3 Ra4+ 51. Ke5 Ra5+ 52.
Kf6 Rh5 53. Kg6 Rh8 54. Kg7 Rh5 55. Kg6 Rh8 56. Kg7 Rh5 1/2-1/2

[Event "2.BLO 1516 SK Göggingen - MSA Zugzwang"]
[Site "?"]
[Date "2015.12.13"]
[Round "6.8"]
[White "Hausner, Ivan"]
[Black "Buehner, Maximilian"]
[Result "1-0"]
[WhiteElo "2323"]
[BlackElo "1824"]
[PlyCount "51"]
[EventDate "2015.??.??"]

1. c4 Nf6 2. Nc3 g6 3. e4 d6 4. d4 Bg7 5. f4 O-O 6. Nf3 Bg4 7. Be2 c6 8. Be3
Nbd7 9. O-O Qc7 10. e5 Ne8 11. Ng5 Bxe2 12. Qxe2 h6 13. Nf3 e6 14. h4 h5 15. g4
hxg4 16. Ng5 c5 17. d5 exd5 18. Nxd5 Qd8 19. Rad1 dxe5 20. f5 gxf5 21. Rxf5 Nd6
22. Qxg4 f6 23. Ne6 Nxf5 24. Nxd8 Nxe3 25. Ne7+ Kh7 26. Qh5+ 1-0

[Event "2.BLO 1516 SC Forchheim - SC Garching"]
[Site "?"]
[Date "2015.12.13"]
[Round "6.1"]
[White "Stocek, Jiri"]
[Black "Jansa, Vlastimil"]
[Result "1-0"]
[WhiteElo "2550"]
[BlackElo "2460"]
[PlyCount "75"]
[EventDate "2015.??.??"]

1. d4 Nf6 2. c4 g6 3. Nc3 d5 4. Nf3 Bg7 5. Qb3 dxc4 6. Qxc4 O-O 7. e4 Bg4 8.
Be3 Nbd7 9. O-O-O Nb6 10. Qc5 Nfd7 11. Qg5 Bxf3 12. gxf3 e6 13. h4 Rc8 14. Kb1
Qf6 15. f4 c5 16. e5 Qxg5 17. hxg5 cxd4 18. Rxd4 Nb8 19. Nb5 Nc6 20. Rd2 Rfd8
21. Nd6 Rc7 22. Bg2 Rcd7 23. Nxb7 Rxd2 24. Nxd8 Rxd8 25. Bxc6 Bf8 26. Rc1 h6
27. gxh6 Bxh6 28. a4 Nd5 29. Bxd5 exd5 30. Rh1 Bf8 31. Rd1 a6 32. a5 Bb4 33.
Bb6 Rd7 34. Kc2 Be7 35. Kd3 Bd8 36. Kd4 Bh4 37. Kc5 Kf8 38. Kc6 1-0

[Event "2.BLO 1516 SC Forchheim - SC Garching"]
[Site "?"]
[Date "2015.12.13"]
[Round "6.2"]
[White "Seyb, Alexander"]
[Black "Krivoborodov, Egor"]
[Result "0-1"]
[WhiteElo "2425"]
[BlackElo "2517"]
[PlyCount "42"]
[EventDate "2015.??.??"]

1. e4 c5 2. Nf3 e6 3. d4 cxd4 4. Nxd4 d6 5. Nc3 Nc6 6. Be3 Nf6 7. f3 Be7 8. Qd2
a6 9. O-O-O Qc7 10. g4 b5 11. Bxb5 axb5 12. Ndxb5 Qb8 13. Nxd6+ Qxd6 14. Qxd6
Bxd6 15. Rxd6 Ne5 16. Bf4 Nxf3 17. Rf1 e5 18. Bg3 Bxg4 19. h3 Bh5 20. Rd3 Nd4
21. Bxe5 Ne2+ 0-1

[Event "2.BLO 1516 SC Forchheim - SC Garching"]
[Site "?"]
[Date "2015.12.13"]
[Round "6.3"]
[White "Loetscher, Roland"]
[Black "Rupprecht, Andreas"]
[Result "1/2-1/2"]
[WhiteElo "2426"]
[BlackElo "2421"]
[PlyCount "30"]
[EventDate "2015.??.??"]

1. d4 d5 2. c4 dxc4 3. e3 e5 4. Bxc4 exd4 5. exd4 Bd6 6. Nf3 Nf6 7. Qe2+ Qe7 8.
Qxe7+ Bxe7 9. O-O Be6 10. Bxe6 fxe6 11. Re1 Nc6 12. Rxe6 Rd8 13. Nc3 Nxd4 14.
Nxd4 Rxd4 15. Be3 Rd7 {(=)} 1/2-1/2

[Event "2.BLO 1516 SC Forchheim - SC Garching"]
[Site "?"]
[Date "2015.12.13"]
[Round "6.5"]
[White "Bredl, Harald"]
[Black "Heidrich, Manfred"]
[Result "1/2-1/2"]
[WhiteElo "2350"]
[BlackElo "2343"]
[PlyCount "94"]
[EventDate "2015.??.??"]

1. d4 f5 2. e4 fxe4 3. Nc3 Nf6 4. Bg5 Nc6 5. d5 Ne5 6. Qe2 c6 7. f4 Nf7 8. Bxf6
gxf6 9. Qxe4 Bg7 10. O-O-O cxd5 11. Nxd5 e6 12. f5 O-O 13. Nc3 Qa5 14. Kb1 Nh6
15. fxe6 dxe6 16. Bc4 Kh8 17. Nge2 Qf5 18. Nf4 e5 19. Nfd5 Qxe4 20. Nxe4 Be6
21. Ne3 Bxc4 22. Nxc4 Rad8 23. Ne3 b6 24. c3 f5 25. Ng5 Bf6 26. Ne6 Rxd1+ 27.
Rxd1 Re8 28. Nc7 Rd8 29. Kc2 Rxd1 30. Kxd1 Kg7 31. Nb5 a5 32. Nc4 e4 33. Nxb6
Ng4 34. Nd5 Nxh2 35. Nd6 Kg6 36. Nxf6 Kxf6 37. Nc4 f4 38. b4 axb4 39. cxb4 f3
40. gxf3 exf3 41. Nd2 Ke5 42. a4 Kd5 43. a5 Kc6 44. a6 Kb6 45. b5 f2 46. Ke2
Ng4 47. Ne4 Ne3 {(=)} 1/2-1/2

[Event "2.BLO 1516 SC Forchheim - SC Garching"]
[Site "?"]
[Date "2015.12.13"]
[Round "6.6"]
[White "Ott, Florian"]
[Black "Levushkina, Elena"]
[Result "1-0"]
[WhiteElo "2292"]
[BlackElo "2335"]
[PlyCount "117"]
[EventDate "2015.??.??"]

1. d4 Nf6 2. c4 e6 3. Nc3 Bb4 4. e3 O-O 5. Nge2 d5 6. a3 Be7 7. cxd5 exd5 8.
Nf4 c6 9. Bd3 Re8 10. O-O Nbd7 11. f3 Nb6 12. a4 a5 13. b3 c5 14. Kh1 Bd7 15.
Bc2 Qc8 16. dxc5 Qxc5 17. Nce2 Qc8 18. Qd3 g6 19. Nd4 Bc6 20. Bb2 Nbd7 21. Rac1
Qd8 22. Qe2 Bd6 23. Qf2 Qb8 24. g3 Qd8 25. h4 Qe7 26. Rfe1 Ne5 27. Kg2 Bd7 28.
Bb1 Rac8 29. Rxc8 Rxc8 30. Rc1 Rxc1 31. Bxc1 Nc6 32. Nb5 Bc5 33. Qd2 Nb4 34.
Qc3 Bb6 35. Bb2 Bd8 36. g4 d4 37. Qxd4 Nc6 38. Qc3 Qb4 39. Qd3 Be6 40. Nxe6
fxe6 41. h5 g5 42. Kf2 Qf8 43. Kg2 Qf7 44. Nd4 Ne5 45. Qb5 Nd5 46. Qe2 Nd7 47.
Bd3 Bc7 48. Be4 N7b6 49. Qd3 Qd7 50. Bxd5 Nxd5 51. Qe4 Bb8 52. Kf2 Nb4 53. Bc3
e5 54. Nf5 Nd3+ 55. Kg2 b6 56. Qa8 Qd8 57. Qc6 Ba7 58. Qe6+ Kh8 59. Qf7 1-0

[Event "2.BLO 1516 SC Forchheim - SC Garching"]
[Site "?"]
[Date "2015.12.13"]
[Round "6.7"]
[White "Seifert, Volker"]
[Black "Bartsch, Berthold"]
[Result "1-0"]
[WhiteElo "2344"]
[BlackElo "2305"]
[PlyCount "105"]
[EventDate "2015.??.??"]

1. d4 Nf6 2. c4 e5 3. dxe5 Ng4 4. Bf4 Bb4+ 5. Nd2 Nc6 6. Ngf3 Qe7 7. e3 Ngxe5
8. Nxe5 Nxe5 9. Be2 O-O 10. O-O d6 11. Nb3 b6 12. a3 Bc5 13. Nxc5 bxc5 14. b4
cxb4 15. axb4 Bb7 16. Qd2 Rfd8 17. Qc3 f6 18. Rfd1 Qe8 19. f3 Nf7 20. Ra5 c6
21. Rda1 a6 22. c5 dxc5 23. bxc5 Qd7 24. Bc4 g5 25. Bg3 Kg7 26. e4 h5 27. e5
Qd4+ 28. Qxd4 Rxd4 29. exf6+ Kxf6 30. Bxa6 Bxa6 31. Rxa6 Rc8 32. Bf2 Rc4 33.
Rd1 Nd8 34. Rd6+ Kf5 35. h3 h4 36. Be3 Rb8 37. Ra2 Rc8 38. Ra7 Rb8 39. Bd4 Rb1+
40. Kh2 Rxd4 41. Rxd4 Ne6 42. Rd6 Nf4 43. Rf7+ Ke5 44. Rxf4 Kxf4 45. Rxc6 Rc1
46. Rc8 Ke3 47. c6 Kf2 48. Rg8 Rxc6 49. Rxg5 Rh6 50. Rg4 Rh8 51. f4 Ke3 52. f5
Rh6 53. f6 1-0

[Event "2.BLO 1516 SC Forchheim - SC Garching"]
[Site "?"]
[Date "2015.12.13"]
[Round "6.8"]
[White "Doeres, Hans-Juergen"]
[Black "Schmitz, Thorsten"]
[Result "0-1"]
[WhiteElo "2209"]
[BlackElo "2304"]
[PlyCount "90"]
[EventDate "2015.??.??"]

1. g3 g6 2. Bg2 Bg7 3. e4 c5 4. Ne2 Nc6 5. c3 e5 6. d3 Nge7 7. Be3 d6 8. O-O
O-O 9. a4 b6 10. f4 d5 11. Na3 d4 12. cxd4 exf4 13. gxf4 Nxd4 14. Nxd4 Bxd4 15.
Qd2 Ba6 16. Nb5 Bxb5 17. axb5 Qd7 18. Bxd4 Qxd4+ 19. Kh1 f6 20. Qc2 Qd7 21.
Qc4+ Kg7 22. Ra3 Rad8 23. Rfa1 Nc8 24. e5 fxe5 25. fxe5 Rf2 26. e6 Qe7 27. Qc3+
Rd4 28. b4 Qg5 29. Rg1 Kh6 30. Qe1 Rdf4 31. bxc5 bxc5 32. Rxa7 Ne7 33. Rxe7
Qxe7 34. b6 g5 35. Qe3 Rb2 36. b7 Rxb7 37. Re1 Rb2 38. Qh3+ Rh4 39. Qf5 Rf4 40.
Qh3+ Kg7 41. Qe3 Rff2 42. Qe5+ Kh6 43. Bd5 Qf8 44. Rg1 Rxh2+ 45. Qxh2+ Rxh2+
0-1

[Event "2.BLO 1516 SK Göggingen - Bad Mergenthe"]
[Site "?"]
[Date "2016.01.30"]
[Round "7.1"]
[White "Ikonnikov, Vyacheslav"]
[Black "Rozentalis, Eduardas"]
[Result "1/2-1/2"]
[WhiteElo "2533"]
[BlackElo "2572"]
[PlyCount "107"]
[EventDate "2016.??.??"]

1. d4 Nf6 2. Nf3 e6 3. c4 b6 4. g3 Bb7 5. Bg2 Be7 6. O-O O-O 7. Nc3 Ne4 8. Bd2
Bf6 9. Rc1 Nxd2 10. Qxd2 d6 11. d5 Qe7 12. Ne4 Nd7 13. Nxf6+ Nxf6 14. Nd4 Kh8
15. e4 Rae8 16. Rfe1 e5 17. Nf5 Qd8 18. b4 g6 19. Ne3 Nh5 20. Qe2 Ng7 21. c5 f5
22. cxd6 cxd6 23. Rc3 f4 24. Nf1 Rf7 25. Rec1 Ref8 26. Nd2 Ne8 27. Bh3 Qg5 28.
Qg4 Qf6 29. Qh4 Qg7 30. Be6 Rf6 31. g4 g5 32. Qh3 Rh6 33. Qg2 Rxe6 34. dxe6 Qe7
35. f3 Qxe6 36. a3 Rf7 37. Qe2 Rg7 38. Qc4 Qg6 39. Qb5 Kg8 40. a4 h5 41. h3
hxg4 42. hxg4 Rh7 43. Kf1 Qe6 44. Qd3 Rh3 45. Kg2 Rh4 46. a5 d5 47. a6 dxe4 48.
axb7 exd3 49. b8=Q e4 50. Qa8 Rxg4+ 51. fxg4 Qxg4+ 52. Kf1 Qh3+ 53. Kg1 Qg3+
54. Kh1 1/2-1/2

[Event "2.BLO 1516 SK Göggingen - Bad Mergenthe"]
[Site "?"]
[Date "2016.01.30"]
[Round "7.2"]
[White "Nestorovic, Nikola"]
[Black "Karpatchev, Aleksandr"]
[Result "1/2-1/2"]
[WhiteElo "2478"]
[BlackElo "2475"]
[PlyCount "105"]
[EventDate "2016.??.??"]

1. e4 e5 2. Nf3 Nc6 3. Bb5 g6 4. d4 exd4 5. Bg5 Be7 6. Bf4 a6 7. Ba4 Bf6 8. c3
dxc3 9. Nxc3 d6 10. O-O Bd7 11. Nd5 Bg7 12. Rc1 Nf6 13. Re1 Nxd5 14. exd5+ Ne7
15. Bg5 f6 16. Bxd7+ Qxd7 17. Nd4 O-O 18. Ne6 Rfc8 19. Bf4 c6 20. dxc6 Rxc6 21.
Nc5 Qc7 22. Qb3+ Kh8 23. Qf7 Ng8 24. Qxc7 Rxc7 25. Bxd6 Rc6 26. Bf4 b5 27. Ne6
Rac8 28. Nc7 Rxc1 29. Rxc1 Bh6 30. Bxh6 Nxh6 31. b4 Nf5 32. Kf1 Nd6 33. Rc5 Ne4
34. Rc6 f5 35. Ke2 Kg8 36. f3 Ng5 37. Rc5 Rd8 38. a3 Rd6 39. Ke3 Kf7 40. h4 Ne6
41. Rd5 Rxd5 42. Nxd5 h6 43. g3 h5 44. Kd3 Ke8 45. Ke3 Kf7 46. f4 Ke8 47. Nc3
Kd7 48. a4 bxa4 49. Nxa4 Kc6 50. Nc3 Nc7 51. Kd4 Nb5+ 52. Nxb5 Kxb5 53. Kc3
1/2-1/2

[Event "2.BLO 1516 SK Göggingen - Bad Mergenthe"]
[Site "?"]
[Date "2016.01.30"]
[Round "7.4"]
[White "Arnaudov, G. Petar"]
[Black "Gasthofer, Alexander"]
[Result "1-0"]
[WhiteElo "2471"]
[BlackElo "2444"]
[PlyCount "61"]
[EventDate "2016.??.??"]

1. Nf3 d5 2. c4 c6 3. d4 Nf6 4. Nc3 e6 5. g3 Nbd7 6. Bg2 dxc4 7. a4 Be7 8. O-O
O-O 9. e4 e5 10. dxe5 Ng4 11. Bf4 Qa5 12. e6 fxe6 13. Qe2 Nge5 14. Nd4 Nf6 15.
Bh3 Nd3 16. Nxe6 Qh5 17. Qxh5 Nxh5 18. Be3 Nxb2 19. e5 Nd3 20. Kg2 Nxe5 21.
Nxf8 Bxh3+ 22. Kxh3 Kxf8 23. a5 Bb4 24. Ne4 Nf6 25. Rfb1 Nxe4 26. Rxb4 c5 27.
Rxb7 Nd3 28. a6 c3 29. f3 Nd2 30. Rd7 c4 31. Rxa7 1-0

[Event "2.BLO 1516 SK Göggingen - Bad Mergenthe"]
[Site "?"]
[Date "2016.01.30"]
[Round "7.5"]
[White "Gasthofer, Viktor"]
[Black "Pitl, Gregory"]
[Result "1/2-1/2"]
[WhiteElo "2309"]
[BlackElo "2405"]
[PlyCount "21"]
[EventDate "2016.??.??"]

1. Nf3 d5 2. g3 c6 3. Bg2 Bg4 4. O-O Nd7 5. d3 Ngf6 6. c4 e6 7. Nc3 Bxf3 8.
exf3 Be7 9. f4 Nb6 10. b3 g6 11. Bb2 {(=)} 1/2-1/2

[Event "2.BLO 1516 SK Göggingen - Bad Mergenthe"]
[Site "?"]
[Date "2016.01.30"]
[Round "7.6"]
[White "Kukov, Velislav"]
[Black "Raps, Johannes"]
[Result "1-0"]
[WhiteElo "2360"]
[BlackElo "2171"]
[PlyCount "83"]
[EventDate "2016.??.??"]

1. Nf3 d5 2. c4 c6 3. cxd5 cxd5 4. d4 Nf6 5. Nc3 e6 6. Bf4 Bd6 7. Bxd6 Qxd6 8.
e3 O-O 9. Be2 Nc6 10. O-O Bd7 11. Rc1 Rfc8 12. a3 Be8 13. b4 Ne7 14. Qb3 Rc7
15. Rc2 Rac8 16. Rfc1 Ng6 17. Bd3 Qb6 18. h3 Kf8 19. a4 a5 20. b5 Ne7 21. Qa3
h6 22. Ne5 Nd7 23. Nf3 f5 24. Nd2 Kf7 25. f4 Qa7 26. Nf3 b6 27. g4 Qb8 28. gxf5
exf5 29. Qa2 Nf6 30. Ne5+ Kf8 31. Qa3 Rd8 32. Bxf5 Kg8 33. Be6+ Kh8 34. Ne2
Rxc2 35. Rxc2 Rd6 36. f5 g6 37. Nf4 gxf5 38. Qc1 Qd8 39. Qe1 Ne4 40. Qh4 Ng8
41. Qxd8 Rxd8 42. Rc7 1-0

[Event "2.BLO 1516 SK Göggingen - Bad Mergenthe"]
[Site "?"]
[Date "2016.01.30"]
[Round "7.7"]
[White "Bogdanovich, Grigoriy"]
[Black "Hausner, Ivan"]
[Result "1/2-1/2"]
[WhiteElo "2326"]
[BlackElo "2326"]
[PlyCount "67"]
[EventDate "2016.??.??"]

1. d4 Nf6 2. Nf3 g6 3. c4 Bg7 4. Nc3 d5 5. Bg5 Ne4 6. cxd5 Nxg5 7. Nxg5 c6 8.
e3 cxd5 9. Qb3 e6 10. Nf3 O-O 11. Be2 Nc6 12. O-O Bd7 13. Qxb7 Rb8 14. Qa6 Rxb2
15. Rab1 Qb6 16. Qxb6 Rxb6 17. Rxb6 axb6 18. Rb1 Rb8 19. Bb5 Bf6 20. Na4 Bd8
21. Rc1 Ne5 22. Bxd7 Nxd7 23. Kf1 Kf8 24. Rc2 Ke8 25. Ne1 Be7 26. Nd3 Ra8 27.
Nc3 Rc8 28. Ke2 Rc4 29. Nb2 Rc8 30. Nd3 Bd6 31. g3 Rc4 32. Nb2 Rc6 33. Kd3 Bb4
34. Nb5 1/2-1/2

[Event "2.BLO 1516 SK Göggingen - Bad Mergenthe"]
[Site "?"]
[Date "2016.01.30"]
[Round "7.8"]
[White "Lipok, Christoph"]
[Black "Gross, Willi"]
[Result "1-0"]
[WhiteElo "2267"]
[BlackElo "2116"]
[PlyCount "49"]
[EventDate "2016.??.??"]

1. d4 d6 2. Nf3 Nf6 3. c4 g6 4. Nc3 Bg7 5. e4 O-O 6. Be2 e5 7. O-O Nc6 8. d5
Ne7 9. Ne1 Nd7 10. Nd3 f5 11. Bd2 Rf7 12. Rc1 Bf8 13. f4 Bg7 14. Bf3 a5 15. Rc2
b6 16. Bc1 Rb8 17. g4 exf4 18. gxf5 gxf5 19. Rg2 Kh8 20. Bh5 Rf8 21. Bxf4 Nc5
22. e5 Nxd3 23. Qxd3 Bxe5 24. Bxe5+ dxe5 25. Qg3 1-0

[Event "2.BLO 1516 SC Forchheim - SF Neuberg"]
[Site "?"]
[Date "2016.01.30"]
[Round "7.1"]
[White "Lubbe, Nikolas"]
[Black "Jirovsky, Milos"]
[Result "1/2-1/2"]
[WhiteElo "2513"]
[BlackElo "2449"]
[PlyCount "85"]
[EventDate "2016.??.??"]

1. e4 c5 2. Nf3 Nc6 3. Bb5 g6 4. O-O Bg7 5. Nc3 d6 6. e5 dxe5 7. Re1 Bd7 8.
Bxc6 Bxc6 9. Nxe5 Rc8 10. Qe2 Qc7 11. Nxc6 Qxc6 12. Nb5 Ra8 13. a4 a6 14. Na3
b5 15. d4 cxd4 16. axb5 axb5 17. Bf4 d3 18. cxd3 e6 19. Rac1 Qd5 20. d4 Ne7 21.
Nxb5 O-O 22. Nc7 Qxd4 23. Nxa8 Qxf4 24. Nb6 Rb8 25. Nc4 Nd5 26. g3 Qg5 27. h4
Qf6 28. Red1 h5 29. Rc2 Rb4 30. Kg2 Qd8 31. Rd3 Qb8 32. Qf3 Bxb2 33. Na5 Rb5
34. Nc6 Qb7 35. Kh2 Kg7 36. Qe2 Bf6 37. Ra3 Qb6 38. Ne5 Qb7 39. Nc4 Qb8 40. Rf3
Rb4 41. Kg2 Ne7 42. Qe4 Nf5 43. Rc1 {(=)} 1/2-1/2

[Event "2.BLO 1516 SC Forchheim - SF Neuberg"]
[Site "?"]
[Date "2016.01.30"]
[Round "7.2"]
[White "Jansa, Vlastimil"]
[Black "Lubbe, Melanie"]
[Result "1/2-1/2"]
[WhiteElo "2455"]
[BlackElo "2317"]
[PlyCount "215"]
[EventDate "2016.??.??"]

1. e4 c5 2. Nf3 d6 3. d4 cxd4 4. Nxd4 Nf6 5. Nc3 Nc6 6. Bg5 e6 7. Qd2 Qb6 8.
Nb3 Be7 9. Bxf6 gxf6 10. Be2 Bd7 11. O-O O-O 12. Kh1 Kh8 13. f4 Rg8 14. Nb5
Rad8 15. c4 a6 16. Nc3 Rg7 17. Rac1 Na5 18. Nd4 Rdg8 19. Rg1 Nc6 20. Nc2 Qf2
21. g3 Qb6 22. Rcd1 Rc8 23. Ne3 Nb8 24. Bf3 Bc6 25. Qe2 Qc5 26. a3 b5 27. cxb5
axb5 28. Ned5 Bd8 29. Nb4 Bd7 30. Qd3 Be7 31. Rc1 Qb6 32. Rgd1 Rgg8 33. Be2 Rc5
34. Qe3 Qb7 35. Bf3 Qc8 36. Rd2 Na6 37. Nd3 Rc7 38. Rdc2 Bd8 39. Qd4 Be7 40.
Qf2 Nc5 41. Nb4 Qb8 42. Rd1 Rgc8 43. Rcd2 Qa7 44. Qe2 Nb3 45. Rd3 Nc5 46. Re3
Na4 47. Nca2 Nxb2 48. Rf1 Nc4 49. Rd3 Nxa3 50. Bh5 Be8 51. f5 Nc2 52. fxe6 fxe6
53. Bxe8 Nxb4 54. Nxb4 Rxe8 55. Rdf3 Rc4 56. Nd3 Qb7 57. Rf4 f5 58. Qb2+ Kg8
59. Kg1 Rxe4 60. Rxe4 Qxe4 61. Qxb5 Ra8 62. Re1 Qd4+ 63. Kh1 Kf7 64. Qb3 Qd5+
65. Qxd5 exd5 66. Nf4 d4 67. Rd1 Bf6 68. Rd2 Be5 69. Ne2 Ra4 70. Kg2 Ke6 71.
Kf2 Rb4 72. Nc1 Kd5 73. Ke2 Rb1 74. Kd1 Bf6 75. Rf2 Ke4 76. Kc2 Ra1 77. Rf4+
Ke5 78. Nd3+ Ke6 79. Kb2 Ra7 80. Rf2 Rb7+ 81. Kc2 Rc7+ 82. Kd2 Bg5+ 83. Nf4+
Bxf4+ 84. Rxf4 Ke5 85. Rh4 Ra7 86. Kd3 Ra3+ 87. Kd2 Ra7 88. Kd3 d5 89. Kd2 Ra2+
90. Kd3 Ra7 91. Kd2 Rb7 92. Kd3 Ra7 93. Kd2 f4 94. Rxf4 Ra2+ 95. Kd3 Rxh2 96.
Rf8 Rh3 97. Re8+ Kf5 98. Rg8 Rh1 99. Kxd4 Rd1+ 100. Ke3 d4+ 101. Ke2 Ra1 102.
Kd3 Ra4 103. g4+ Kf6 104. g5+ Kf7 105. Rd8 Kg6 106. Rd7 Ra3+ 107. Ke2 Kxg5 108.
Kf2 1/2-1/2

[Event "2.BLO 1516 SC Forchheim - SF Neuberg"]
[Site "?"]
[Date "2016.01.30"]
[Round "7.4"]
[White "Heidrich, Manfred"]
[Black "Kuenstler, Christian"]
[Result "1/2-1/2"]
[WhiteElo "2344"]
[BlackElo "2226"]
[PlyCount "143"]
[EventDate "2016.??.??"]

1. e4 c5 2. Nf3 Nc6 3. Bb5 g6 4. Bxc6 dxc6 5. d3 Bg7 6. h3 Nf6 7. Nbd2 O-O 8.
O-O b6 9. a4 a5 10. Ra2 Qc7 11. b3 Nh5 12. Bb2 Bxb2 13. Rxb2 e5 14. Nc4 f6 15.
Re1 Nf4 16. Kh2 Be6 17. Ng1 Rad8 18. Qd2 Rf7 19. g3 Nh5 20. Qe3 Rfd7 21. Ra2
Rf7 22. Raa1 Kh8 23. Re2 Ng7 24. Rf1 g5 25. Ree1 Rg8 26. Ne2 Nh5 27. f3 Rd7 28.
Rf2 Rdg7 29. Rh1 Rd7 30. Qd2 b5 31. Nb2 c4 32. bxc4 bxc4 33. Qc3 Qb6 34. Kg2
cxd3 35. Nxd3 Ng7 36. h4 g4 37. f4 Qe3 38. Nc5 Qxc3 39. Nxc3 Rd4 40. fxe5 fxe5
41. Rd1 Rc4 42. Nxe6 Nxe6 43. Rd3 Nc5 44. Re3 Rd8 45. Rf5 Rd2+ 46. Re2 Rxe2+
47. Nxe2 Rxc2 48. Kf1 Nd3 49. Rf8+ Kg7 50. Rd8 Nc1 51. Nxc1 Rxc1+ 52. Kf2 Rc2+
53. Kf1 Rc4 54. Rd7+ Kg8 55. Rd8+ Kf7 56. Rd7+ Ke6 57. Rxh7 Rxe4 58. h5 Rxa4
59. Ra7 Ra1+ 60. Kg2 Ra2+ 61. Kg1 Ra3 62. Kg2 Rf3 63. h6 Rf8 64. h7 Rh8 65. Kf2
a4 66. Ke3 a3 67. Ke4 a2 68. Rxa2 Rxh7 69. Rc2 Kd6 70. Rd2+ Ke6 71. Rc2 Kd6 72.
Rd2+ 1/2-1/2

[Event "2.BLO 1516 SC Forchheim - SF Neuberg"]
[Site "?"]
[Date "2016.01.30"]
[Round "7.5"]
[White "Overbeck, Thorsten"]
[Black "Ott, Florian"]
[Result "1/2-1/2"]
[WhiteElo "2310"]
[BlackElo "2317"]
[PlyCount "43"]
[EventDate "2016.??.??"]

1. d4 Nf6 2. c4 e6 3. Nf3 b6 4. g3 Ba6 5. b3 b5 6. cxb5 Bxb5 7. Bg2 d5 8. O-O
Nbd7 9. Nc3 Ba6 10. Bf4 Ba3 11. Qd2 O-O 12. Ne5 Nxe5 13. Bxe5 Nd7 14. Bf4 c5
15. dxc5 Bxc5 16. Rfe1 Rc8 17. Na4 Be7 18. Be3 Qc7 19. Rac1 Qb7 20. Qd4 Bb4 21.
Bd2 Rxc1 22. Rxc1 {(=)} 1/2-1/2

[Event "2.BLO 1516 SC Forchheim - SF Neuberg"]
[Site "?"]
[Date "2016.01.30"]
[Round "7.6"]
[White "Bartsch, Berthold"]
[Black "Seifert, Christopher"]
[Result "1/2-1/2"]
[WhiteElo "2286"]
[BlackElo "2278"]
[PlyCount "90"]
[EventDate "2016.??.??"]

1. Nc3 c5 2. e4 Nc6 3. g3 g6 4. Bg2 Bg7 5. d3 Rb8 6. f4 b5 7. Nf3 e6 8. g4 Nge7
9. e5 d6 10. d4 O-O 11. Ne4 cxd4 12. exd6 Nd5 13. g5 Qb6 14. O-O Rd8 15. Kh1
Na5 16. b3 Bb7 17. Ne5 Nc3 18. Nxc3 dxc3 19. Bxb7 Nxb7 20. Qf3 Nxd6 21. Be3 Qc7
22. Nc6 a6 23. Nxb8 Rxb8 24. Rfd1 Nf5 25. a4 b4 26. Bf2 h6 27. Rd3 hxg5 28.
fxg5 Qe7 29. h4 e5 30. Qe4 Bf8 31. Rad1 Re8 32. Rd7 Qe6 33. Qd5 e4 34. Qxe6
Rxe6 35. Rd8 e3 36. Be1 Kg7 37. Ra8 Be7 38. Kg2 f6 39. Ra7 fxg5 40. hxg5 Kf7
41. Kf3 e2 42. Rd3 Ke8 43. Ra8+ Kf7 44. Ra7 Ke8 45. Ra8+ Kf7 1/2-1/2

[Event "2.BLO 1516 SC Forchheim - SF Neuberg"]
[Site "?"]
[Date "2016.01.30"]
[Round "7.7"]
[White "Lutz, Klaus-Juergen"]
[Black "Doeres, Hans-Juergen"]
[Result "1-0"]
[WhiteElo "2303"]
[BlackElo "2197"]
[PlyCount "81"]
[EventDate "2016.??.??"]

1. e4 c5 2. a3 e6 3. b4 cxb4 4. axb4 Bxb4 5. c3 Be7 6. d4 Nf6 7. Bd3 d6 8. f4
O-O 9. Nf3 Nc6 10. O-O Bd7 11. Nbd2 Ng4 12. Re1 f5 13. exf5 exf5 14. Qb3+ Kh8
15. Qxb7 Rb8 16. Qa6 Bh4 17. g3 Re8 18. Rxe8+ Qxe8 19. Nc4 Bf6 20. Nxd6 Qh5 21.
Qa2 h6 22. Qf7 Qxf7 23. Nxf7+ Kg8 24. N7e5 Ngxe5 25. fxe5 Bd8 26. d5 Bb6+ 27.
Kg2 Na5 28. Ba3 g6 29. Bb4 Nb7 30. Rb1 Rd8 31. Bc4 Ba4 32. Rb2 Nc5 33. Nd4 Ne4
34. d6+ Kh8 35. Ra2 Be8 36. Bd5 a5 37. Bxa5 Bxa5 38. Rxa5 Nxc3 39. Bc6 Bf7 40.
Ra8 Rxa8 41. Bxa8 1-0

[Event "2.BLO 1516 SC Forchheim - SF Neuberg"]
[Site "?"]
[Date "2016.01.30"]
[Round "7.8"]
[White "Seyb, Dieter"]
[Black "Schaffer, Hendrik"]
[Result "0-1"]
[WhiteElo "2280"]
[BlackElo "2265"]
[PlyCount "44"]
[EventDate "2016.??.??"]

1. e4 c5 2. Nf3 d6 3. d4 cxd4 4. Nxd4 Nf6 5. Nc3 g6 6. Be3 Bg7 7. f3 O-O 8. Qd2
Nc6 9. g4 Be6 10. Nxe6 fxe6 11. O-O-O Ne5 12. Be2 Rc8 13. Nb5 Qd7 14. Nxa7 Ra8
15. a3 b5 16. Nxb5 Nxf3 17. Bxf3 Qxb5 18. Qb4 Qe5 19. Qd4 Qb5 20. Qb4 Qc6 21.
Qb6 Qxb6 22. Bxb6 Nd7 0-1

[Event "2.BLO 1516 MSA Zugzwang - Bindl Aktionä"]
[Site "?"]
[Date "2016.01.30"]
[Round "7.1"]
[White "Bindrich, Falko"]
[Black "Bromberger, Stefan"]
[Result "1/2-1/2"]
[WhiteElo "2585"]
[BlackElo "2523"]
[PlyCount "96"]
[EventDate "2016.??.??"]

1. d4 d5 2. c4 dxc4 3. e3 Nf6 4. Bxc4 e6 5. Nf3 c5 6. O-O a6 7. dxc5 Bxc5 8.
Qxd8+ Kxd8 9. Be2 Ke7 10. Nbd2 Bd7 11. Nb3 Bb6 12. Bd2 Nc6 13. Bc3 Rag8 14.
Rfd1 Ne4 15. Ne5 Nxe5 16. Bxe5 Bb5 17. Bxb5 axb5 18. Rac1 Rd8 19. Nd4 Rd7 20.
Nxb5 Rxd1+ 21. Rxd1 Ra8 22. Bxg7 f6 23. Nc3 Nxc3 24. bxc3 Rxa2 25. g3 Bc5 26.
g4 Ra8 27. Bh6 Rg8 28. h3 Rg6 29. Bf4 h5 30. Rb1 b6 31. Ra1 e5 32. Bg3 hxg4 33.
h4 Ke6 34. e4 f5 35. exf5+ Kxf5 36. Ra8 e4 37. Kg2 e3 38. fxe3 Bxe3 39. Re8 Re6
40. Rxe6 Kxe6 41. Bf2 Bxf2 42. Kxf2 Kf5 43. Kg2 Kf4 44. c4 Ke4 45. Kg3 Kf5 46.
h5 Kg5 47. h6 Kxh6 48. Kxg4 Kg6 1/2-1/2

[Event "2.BLO 1516 MSA Zugzwang - Bindl Aktionä"]
[Site "?"]
[Date "2016.01.30"]
[Round "7.2"]
[White "Kindermann, Stefan"]
[Black "Petr, Martin"]
[Result "1-0"]
[WhiteElo "2515"]
[BlackElo "2512"]
[PlyCount "87"]
[EventDate "2016.??.??"]

1. d4 d5 2. Bg5 h6 3. Bh4 c5 4. dxc5 Nc6 5. e3 g5 6. Bg3 Bg7 7. c3 e5 8. Bb5
Nge7 9. Ne2 O-O 10. Nd2 Be6 11. Qc2 Rc8 12. Rd1 b6 13. Nb3 f5 14. f4 Bf7 15.
Bxc6 Rxc6 16. fxe5 bxc5 17. O-O Qb6 18. c4 dxc4 19. Nd2 Qa6 20. Nc3 Rd8 21. Nf3
Rd3 22. h4 Rg6 23. hxg5 hxg5 24. Qe2 Bh6 25. e6 Qxe6 26. Ne5 f4 27. Nxg6 Bxg6
28. exf4 Re3 29. Qf2 Nf5 30. fxg5 Bg7 31. Bf4 Bd4 32. Rxd4 cxd4 33. Bxe3 Qxe3
34. Nd5 Qxg5 35. Qf4 Qxf4 36. Rxf4 Kg7 37. g4 Ng3 38. Kf2 Ne4+ 39. Ke1 Kh6 40.
Ne7 c3 41. bxc3 dxc3 42. Kd1 Nc5 43. Nxg6 c2+ 44. Kc1 1-0